| 000 | 00453nam a22001937a 4500 | ||
|---|---|---|---|
| 003 | MPLRDC | ||
| 005 | 20220104143656.0 | ||
| 008 | 210129b ||||| |||| 00| 0 eng d | ||
| 020 | _a957-538-377-X | ||
| 082 | _a911.7 ZHP | ||
| 100 | _a周惠萍 编译 | ||
| 245 |
_a简易作曲的方法 _c |
||
| 250 | _a初版 | ||
| 260 |
_a _b信宏出版社 _c1999 |
||
| 300 | _b平 | ||
| 490 | _a音乐. 15 | ||
| 650 | _a作曲法 | ||
| 942 |
_cBK _o911.7 ZHP |
||
| 999 |
_c42232 _d42222 |
||